000 00631nam a22001937a 4500
003 OSt
005 20251204142640.0
008 251204b |||||||| |||| 00| 0 eng d
020 _a978-0-8264-9121-3.
040 _aDWCL-Main lib
_cOC
082 _aCirc. 371.102 T943n 2007
100 _aTurnbull, Jacque
245 _a9 habits of highly effective teachers :
_ba practical guide to empowerment
_cTurnbull, Jacque
260 _aN. Y. :
_bContinuum International Publishing Group,
_cc2007.
300 _aviii, 209 pages ;
_c21 cm.
650 _21. Educational leadership.
650 _22. Teaching.
942 _2ddc
_cBK-CIRC
_kCirc.
_n0
999 _c6851
_d6851